Iniciatívy krajín Európskej únie zamerané na riešenie problémov nezamestnanosti

Piliere novej politiky zamestnanosti podľa záverov zasadnutia Rady Európy v Luxemburgu v roku 1997. Zlepšovanie spôsobilosti získať zamestnanie. Rozvoj podnikania - zdokonaľovanie podnikateľského prostredia. Podpora prispôsobivosti podnikov a ich zamestnancov. Posilnenie politiky rovnakých príležito...

Ausführliche Beschreibung

Gespeichert in:
Bibliographische Detailangaben
1. Verfasser: Líška, Milan
Weitere Verfasser: Prušová, Anna
Format: Buchkapitel
Sprache:Slowakisch
Schlagworte:
Tags: Tag hinzufügen
Keine Tags, Fügen Sie das erste Tag hinzu!

MARC

LEADER 00000naa a2200000 4500
001 r035019
005 20230807090758.1
041 0 |a slo 
044 |a SK 
245 1 0 |a Iniciatívy krajín Európskej únie zamerané na riešenie problémov nezamestnanosti  |c Milan Líška, Anna Prušová 
520 |a Piliere novej politiky zamestnanosti podľa záverov zasadnutia Rady Európy v Luxemburgu v roku 1997. Zlepšovanie spôsobilosti získať zamestnanie. Rozvoj podnikania - zdokonaľovanie podnikateľského prostredia. Podpora prispôsobivosti podnikov a ich zamestnancov. Posilnenie politiky rovnakých príležitostí. Realizácia metodických usmernení. 
610 2 0 |a politika zamestnanosti 
610 2 0 |a trh práce 
610 2 0 |a podnikanie 
610 2 0 |a prostredie podnikové 
610 2 0 |a prostredie podnikateľské 
610 2 0 |a podnik 
610 2 0 |a zamestnanci 
610 2 0 |a kvalifikácia 
610 2 0 |a miera nezamestnanosti 
610 2 0 |a Európska únia 
100 1 |a Líška, Milan 
700 1 |a Prušová, Anna